<?xml version="1.0" encoding="UTF-8"?>
<collection xmlns="http://www.loc.gov/MARC21/slim">
 <record>
  <leader>04303nam a2200565 a 4500</leader>
  <controlfield tag="001">TVCDKTCT151</controlfield>
  <controlfield tag="003">Thư viện trường Cao đẳng Kỹ thuật Cao Thắng</controlfield>
  <controlfield tag="005">20170605095124.2</controlfield>
  <controlfield tag="008">050730</controlfield>
  <datafield tag="980" ind1="\" ind2="\">
   <subfield code="a">Thư viện Trường CĐ Kỹ Thuật Cao Thắng</subfield>
  </datafield>
  <datafield tag="024" ind1=" " ind2=" ">
   <subfield code="a">RG_1 #1 eb0 i1</subfield>
  </datafield>
  <datafield tag="041" ind1="0" ind2="#">
   <subfield code="a">vie</subfield>
  </datafield>
  <datafield tag="082" ind1="#" ind2="#">
   <subfield code="a">621.815 / </subfield>
   <subfield code="b">TR121Đ-c</subfield>
  </datafield>
  <datafield tag="100" ind1="1" ind2="#">
   <subfield code="a">Trần Văn Địch</subfield>
  </datafield>
  <datafield tag="245" ind1="0" ind2="0">
   <subfield code="a">Công nghệ chế tạo bánh răng / </subfield>
   <subfield code="c">Trần Văn Địch</subfield>
  </datafield>
  <datafield tag="250" ind1="#" ind2="#">
   <subfield code="a">In lần thứ 1</subfield>
  </datafield>
  <datafield tag="260" ind1="#" ind2="#">
   <subfield code="a">H. : </subfield>
   <subfield code="b">Khoa học và kỹ thuật , </subfield>
   <subfield code="c">2003</subfield>
  </datafield>
  <datafield tag="300" ind1="#" ind2="#">
   <subfield code="a">327tr. ; </subfield>
   <subfield code="c">24cm</subfield>
  </datafield>
  <datafield tag="520" ind1="#" ind2="#">
   <subfield code="a">Chương 1: Khái niệm về truyền động bánh răng và bánh vít.</subfield>
  </datafield>
  <datafield tag="520" ind1="#" ind2="#">
   <subfield code="a">Chương 10: Chế tạo bánh răng côn</subfield>
  </datafield>
  <datafield tag="520" ind1="#" ind2="#">
   <subfield code="a">Chương 11: Cắt răng côn thẳng</subfield>
  </datafield>
  <datafield tag="520" ind1="#" ind2="#">
   <subfield code="a">Chương 12:Cắt răng côn cong.</subfield>
  </datafield>
  <datafield tag="520" ind1="#" ind2="#">
   <subfield code="a">Chương 13: Điều chỉnh máy cắt răng.</subfield>
  </datafield>
  <datafield tag="520" ind1="#" ind2="#">
   <subfield code="a">Chương 14: Các phương pháp nâng cao năng suất cắt răng.</subfield>
  </datafield>
  <datafield tag="520" ind1="#" ind2="#">
   <subfield code="a">Chương 15: Nhiệt luyện bánh răng.</subfield>
  </datafield>
  <datafield tag="520" ind1="#" ind2="#">
   <subfield code="a">Chương 16: Kiểm tra bánh răng.</subfield>
  </datafield>
  <datafield tag="520" ind1="#" ind2="#">
   <subfield code="a">Chương 17: Chế tạo trục vít và bánh vít.</subfield>
  </datafield>
  <datafield tag="520" ind1="#" ind2="#">
   <subfield code="a">Chương 18: Cắt răng trục vít và bánh vít hình trụ</subfield>
  </datafield>
  <datafield tag="520" ind1="#" ind2="#">
   <subfield code="a">Chương 19: cắt răng trục vít và bánh vít lõm.</subfield>
  </datafield>
  <datafield tag="520" ind1="#" ind2="#">
   <subfield code="a">Chương 2: Độ chính xác của truyền động bánh răng và bánh vít.</subfield>
  </datafield>
  <datafield tag="520" ind1="#" ind2="#">
   <subfield code="a">Chương 20: Tổng quan về các phương pháp chế tạo bánh răng bằng biến dạng dẻo.</subfield>
  </datafield>
  <datafield tag="520" ind1="#" ind2="#">
   <subfield code="a">Chương 21: Công nghệ chế tạo bánh răng bằng dập thể tích.</subfield>
  </datafield>
  <datafield tag="520" ind1="#" ind2="#">
   <subfield code="a">Chương 22: Công nghệ chế tạo bánh răng bằng dập hướng kính.</subfield>
  </datafield>
  <datafield tag="520" ind1="#" ind2="#">
   <subfield code="a">Chương 3: Chế tạo phôi bánh răng.</subfield>
  </datafield>
  <datafield tag="520" ind1="#" ind2="#">
   <subfield code="a">Chương 4: Chế tạo bánh răng trụ ăn khớp ngòai.</subfield>
  </datafield>
  <datafield tag="520" ind1="#" ind2="#">
   <subfield code="a">Chương 5: Cắt răng trụ ăn khớp ngòai.</subfield>
  </datafield>
  <datafield tag="520" ind1="#" ind2="#">
   <subfield code="a">Chương 6: Gia công tinh răng trụ ăn khớp ngòai.</subfield>
  </datafield>
  <datafield tag="520" ind1="#" ind2="#">
   <subfield code="a">Chương 7: Chế tạo bánh răng trụ hình chữ V.</subfield>
  </datafield>
  <datafield tag="520" ind1="#" ind2="#">
   <subfield code="a">Chương 8: Chế tạo  bánh răng trụ ăn khớp trong.</subfield>
  </datafield>
  <datafield tag="520" ind1="#" ind2="#">
   <subfield code="a">Chương 9: Chế tạo thanh răng.</subfield>
  </datafield>
  <datafield tag="520" ind1="#" ind2="#">
   <subfield code="a">Để đáp ứng nhu cầu của các nhà nghiên cứu và sản xuất bánh răng, cuốn sách với nội dung bao gồm những vấn đề như: khái niệm về các loại bánh răng, các phương pháp gia công bánh răng trụ, bánh răng côn và bánh vít trên các loại máy của các nước có nền công nghiệp tiên tiến trên thế giới... Ngoài ra cuốn sách còn đề cập đến vấn đề tự động hóa quá trình chế tạo bánh răng và các phương pháp nhiệt luyện bánh răng</subfield>
  </datafield>
  <datafield tag="520" ind1="#" ind2="#">
   <subfield code="a">Gia công bánh răng là một lĩnh vực cắt kim lọai phức tạp nhất. Có lẽ không một ngành nghề nào lại đòi hỏi ở người thợ những kiến thức sâu rộng và khả năng sáng tạo như ở thợ gia công bánh răng. thợ gia côn bánh răng cần phải hiểu biết sâu sắc lỳ thuyết ăn khớp bánh răng, phân tích sơ đồ động của máy cắt răng và tính tóan các thông số điếu chỉnh máy.</subfield>
  </datafield>
  <datafield tag="520" ind1="#" ind2="#">
   <subfield code="a">Nội dung cuốn sách gồm 2 phần</subfield>
  </datafield>
  <datafield tag="520" ind1="#" ind2="#">
   <subfield code="a">Phần I: những vấn đề cơ bản về chế tạo bánh răng và bánh vít.</subfield>
  </datafield>
  <datafield tag="520" ind1="#" ind2="#">
   <subfield code="a">Phần II: Chế tạo bánh răng và bánh vít bằng các phương pháp cắt gọt.</subfield>
  </datafield>
  <datafield tag="520" ind1="#" ind2="#">
   <subfield code="a">Phần III. Chế tạo bánh răng bằng các phương pháp biến dạng dẻo.</subfield>
  </datafield>
  <datafield tag="650" ind1="#" ind2="4">
   <subfield code="a">Cơ khí</subfield>
  </datafield>
  <datafield tag="650" ind1="#" ind2="4">
   <subfield code="a">Công nghệ --Chế tạo máy</subfield>
  </datafield>
  <datafield tag="721" ind1="#" ind2="#">
   <subfield code="a">CNKT Cơ khí</subfield>
  </datafield>
  <datafield tag="841" ind1="#" ind2="#">
   <subfield code="b">Kho Sách </subfield>
   <subfield code="j">100008977, 100008978, 100008979, 100008980</subfield>
  </datafield>
 </record>
</collection>
